书目信息 |
| 题名: |
心灵鸡汤
|
|
| 作者: | 汉森, , 亚当森, , 坎费尔得 , 坎菲尔德, 编 | |
| 分册: | ||
| 出版信息: | 合肥 安徽科学技术出版社 2006.01 |
|
| 页数: | 299页 | |
| 开本: | 21cm | |
| 丛书名: | ||
| 单 册: | ||
| 中图分类: | H319.4 | |
| 科图分类: | ||
| 主题词: | ||
| 电子资源: | ||
| ISBN: | 7-5337-3381-9 | |
| 000 | 00741nam0 2200229 450 | |
| 001 | 0634382534 | |
| 005 | 20060605145929.54 | |
| 010 | @a7-5337-3381-9@dCNY18.00 | |
| 099 | @aCAL 012006047237 | |
| 200 | 1 | @a心灵鸡汤@Axin ling ji tang@d= 心灵鸡汤@e阅读美国@f(美)坎费尔得著@F(mei)kan fei er de zhu@zchi |
| 210 | @a合肥@c安徽科学技术出版社@d2006.01 | |
| 215 | @a299页@d21cm | |
| 510 | 1 | @a心灵鸡汤@zchi |
| 517 | 1 | @a阅读美国 |
| 690 | @aH319.4@v4 | |
| 701 | 1 | @a汉森,@Ahan sen@g(Hansen, Mark Victor)@4编 |
| 701 | 1 | @a亚当森,@Aya dang sen@g(Adams, Matthew E.Adams)@4编 |
| 701 | 0 | @a坎费尔得@Akan fei er de@4著 |
| 701 | 1 | @a坎菲尔德,@Akan fei er de@g(Canfield, Jack)@4编 |
| 801 | 0 | @c20060605 |
| 905 | @dH319.4@eK206:10 | |
| 906 | @dCNY18.00@n3@r1 | |
| 心灵鸡汤= 心灵鸡汤:阅读美国/(美)坎费尔得著.-合肥:安徽科学技术出版社,2006.01 |
| 299页;21cm |
| ISBN 7-5337-3381-9:CNY18.00 |
| ● |
| 相关链接 |
|
|
|
正题名:心灵鸡汤
索取号:H319.4/K206:10
 
预约/预借
| 序号 | 登录号 | 条形码 | 馆藏地/架位号 | 状态 | 备注 |
| 1 | 605546 | 206055463 | 语言库209/209语言库 46排2列6层/ [索取号:H319.4/K206:10] | 在馆 | |
| 2 | 605547 | 206055472 | 语言库209/209语言库 46排2列6层/ [索取号:H319.4/K206:10] | 在馆 | |
| 3 | 605548 | 206055481 | 语言库209/209语言库 46排2列6层/ [索取号:H319.4/K206:10] | 在馆 |